000
00292nam a2200145Ia 4500
100
_a
ISTE-CIICP Monography Seriesc
650
_a
Turner
942
_c
BK
654
_a
Train the Turner
245
_a
Train the Turner
260
_b
ISTE
300
_a
38
546
_a
ENGLISH
999
_c
28656
_d
28656